Quizzes
Events
Quiz Creation
Community
Videos
Private Events
Remove Ads
Sign In
Join for FREE
Feedback
Dark Mode
Quiz Categories
Sports
Geography
Music
Movies
Television
Just For Fun
Miscellaneous
History
Literature
Language
Science
Gaming
Entertainment
Religion
Holiday
For Kids
Quiz Lab
Recent
Popular Today
Quiz Kudos Today
Editor Picks
Curator Picks
Quizzes by...
Day
Popularity
Type
Ratings
Length
Year
Community
Subscriptions
Recent Discussions
Orange Saloon
Badges
Playlists
Quests
Create
Leaderboards
Showdown
Live 5
Trivia Bingo
Activity
Puzzle Library
Sporcle Events
Private Events
Virtual Trivia
Globe League
Become a Host
Pub Owners
SporcleCon
Opinionation
Our Games
Videos
Blog
Mobile Apps
Partnerships
Remove Ads and Go Orange
Feedback
Entertainment
Celebrity
Famous
Musical
Broadway
Show
Quote
Comic Books
Anime
Superhero
DC Comics
Marvel
Cartoons
Animation
Entertainment
Celebrity
Famous
Musical
Broadway
Show
Quote
Comic Books
Anime
Superhero
DC Comics
Marvel
Cartoons
Animation
Random Quiz
Search Sporcle
×
Quiz Lab
Quiz Lab
Entertainment
Song
Type in answers that appear in a list
Type in answers that appear in a list
Classic
Best Score? Go Orange.
James Bond Title Songs/artists Stats
Can you name the James Bond Title Songs/artists?
By
bozjamesboz
10m
24 Questions
22 Plays
22 Plays
22 Plays
Comments
Comments
Give Quiz Kudos
Give Quiz Kudos
-
- Ratings
hide this ad
More Info
Replay
Link that replays current quiz
Next Quiz
Link to next quiz in quiz playlist
You Got
0%
They Got
Avg Score
31%
Avg Friend Score
Upgrade to see
Score Distribution
Jump to the score distribution portion of the page
Score
0/24
Timer
10:00
0
Plays Today
Movie Title
Performer
% Correct
Goldfinger
Shirley Bassey, Goldfinger
68.2%
Skyfall
Adele, Skyfall
68.2%
Diamonds are Forever
Shirley Bassey, Diamonds are forever
54.5%
Die Another Day
Madonna, Die another day
54.5%
Live and Let Die
Paul Mccartney and Wings, Live and Let Die
50%
Thunderball
Tom Jones, Thunderball
40.9%
You Only Live Twice
Nancy Sinatra, You Only Live Twice
40.9%
Goldeneye
Tina Turner, Goldeneye
36.4%
Moonraker
Shirley Bassey, Moonraker
31.8%
A View to a Kill
Duran Duran, A view to a kill
31.8%
Casino Royale
Chris Cornell, You know my name
31.8%
Dr.No
Monty Norman and John Barry, James Bond theme
27.3%
Movie Title
Performer
% Correct
The World is Not Enough
Garbage, The world is not enough
27.3%
Spectre
Sam Smith, Spectre
27.3%
On Her Majest's Secret Service
Louis Armstrong, We have all the time in the world
22.7%
Octopussy
Rita Coolidge, All time high
22.7%
The lIving Daylights
A-ha, The living daylights
22.7%
Quantum of Solace
Jack White and Alicia Keys, Another way to die
22.7%
The Spy Who Loved Me
Carly Simon, Nobody does it better
18.2%
Licence to Kill
Gladys Knight, Licence to kill
18.2%
From Russia With Love
Matt Monroe, From Russia With Love
13.6%
For Your Eyes Only
Shenna Easton, For your Eyes only
9.1%
Tomorrow Never Dies
Sheryl Crowe, Tomorrow Never dies
9.1%
The Man With The Golden Gun
Lulu,The Man With The Golden Gun
4.5%
Quiz Playlist
Details
Report
Send in Message
Add To Playlist
More Info:
type :"artists name,song title"
Classic:
Type in answers that appear in a list
Last Updated: Mar 21, 2017
Quiz Scoreboard
CHALLENGE
Sign Up to Join the Scoreboard
Show All
Scores
Hide
Comments
May contain spoilers
Recently Published
An Introduction to Baseball
by treessimontrees
Sports
5m
Movies - When Are They Set?
by FPL_Elf
Movies
5m
Popular People in 1961
by mucciniale
History
6m
More to Explore
Quiz From the Vault
Featured Blog Post
Where Did the Easter Bunny Come From?
hide this ad
You Might Also Like...
Tags
Artist Quiz
James Bond Quiz
Song Quiz
bond
Performer
same
Title Songs
Today's Top Quizzes in Entertainment
Browse Entertainment
hide this ad
Today's Top Quizzes in Song
Browse Song
Top Contributed Quizzes in Entertainment
1
Kamen Rider Motifs
2
7-to-1: DC Comics Villains
3
Dragon Ball Z: Goku's Fights in Order
4
Dragon Ball Z: Mega Character Search
5
Marvel Characters Bunker
6
Criteria Quickie: Cartoon Taxonomy II
7
Fictional Villains Letter U Blitz
8
Sorting Pictures: Villains
9
One Thing in Common: Fictional Characters
10
Eurovision 2023 Logic Puzzle
Explore More
Trending Topics
Disney
Anime
Kpop
Harry Potter
Marvel
Crossword
NBA
Pokémon
WWE
Puzzle
The Office
Song
Soccer
NFL
Country
hide this ad
More By:
bozjamesboz
Quiz
Plays
Rating
Category
Featured
Created
James Bond Title Songs/artists
22
1.00
Entertainment
Mar 21, 2017
James Bond score quiz
14
2.50
Entertainment
Mar 21, 2017
Go to Creator's Profile
Score Distribution
Quiz Creator Spotlight
bozjamesboz
Follow
Send a Message
Quizzes Created
-
Created Quiz Play Count
-
More By This Creator
Popular Quizzes Today
1
Find the Countries of Europe - No Outlines Minefield
2
Find the US States - No Outlines Minefield
3
The Countries of the World
4
Popular People in 1961
5
US States
6
Find the US States
7
1-10 Letter E Words III
8
Risky Map Clicking: Biggest States A-Z
More Entertainment Quizzes
Attack on Titan Characters
Quiz Lab
Trending Quizzes
Risky Map Clicking: Least Populous States A-Z
1-10 Letter F Words
1-10 Letter G Words
Not Quite an Element Typing Challenge
One Thing in Common: United Kingdom
Recently Updated
Leaping Animals
pecheneg
Reality TV Shows (A-Z)
bhenderson79
Rickey Henderson's Hall of Fame Teammates
pecheneg
Champions League XIs: Arsenal
pecheneg
Quick Pick: Celebrities in WWE's Hall of Fame
aduchscher
A-Z Keypad Blitz II
pecheneg
Multiple Oscar Actors
pecheneg
Mystery Phrase Blitz: Oscar 'Best Actors'
pecheneg
F. Scott Fitzgerald Novels
LTH
Pick 3 Villains
ddd62291
Trending Topics
Crossword
Kpop
NBA
Anime
Disney
Marvel
Harry Potter
Country
Puzzle
NFL
Pokémon
Song
The Office
WWE
Soccer
Your Account Isn't Verified!
In order to create a playlist on Sporcle, you need to verify the email address you used during registration. Go to your
Sporcle Settings
to finish the process.
Report this User
Report this user for behavior that violates our
Community Guidelines
.
Details:
Send Report
Go to the Sporcle.com Mobile Site →
Comments